000 00459cam a2200205ua 4500
001 10398
008 190124n ii |||gr||||Z||||||eng
020 _a0706909046
040 _cMAIN
041 _aeng
082 _a338.5
100 _aM.L. Jhingan,
_eAuthor.
245 _aMicroeconomic theory
250 _a1st ed./ rep.
260 _aNew Delhi:
_bVikas,
_c1979.
300 _a671p.
653 _aProduction
653 _aMicroeconomics
942 _cBK
999 _c9387
_d9387